Catálogo

ADMINISTRACION DE PERSONAL Y RECURSOS HUMANOS (Registro nro. 14405)

Detalles MARC
000 -LEADER
fixed length control field 00559nam a2200205 a 4500
001 - CONTROL NUMBER
control field 14405
005 - DATE AND TIME OF LATEST TRANSACTION
control field 20180713202905.0
008 - FIXED-LENGTH DATA ELEMENTS--GENERAL INFORMATION
fixed length control field 140415s1995 000 0 spa d
020 ## - INTERNATIONAL STANDARD BOOK NUMBER
International Standard Book Number 9701006712
041 ## - LANGUAGE CODE
Language code of text/sound track or separate title spa
082 ## - DEWEY DECIMAL CLASSIFICATION NUMBER
Classification number 658.3
Item number WER
100 1# - MAIN ENTRY--PERSONAL NAME
Personal name WERTHER, WILLIAM B.
245 10 - TITLE STATEMENT
Title ADMINISTRACION DE PERSONAL Y RECURSOS HUMANOS
250 ## - EDITION STATEMENT
Edition statement 4a ed.
260 ## - PUBLICATION, DISTRIBUTION, ETC.
Place of publication, distribution, etc. [s.l.] :
Name of publisher, distributor, etc. MC GRAW-HILL,
Date of publication, distribution, etc. 1995
300 ## - PHYSICAL DESCRIPTION
Extent 486
650 14 - SUBJECT ADDED ENTRY--TOPICAL TERM
Topical term or geographic name entry element ADMINISTRACION DE PERSONAL
700 1# - ADDED ENTRY--PERSONAL NAME
Personal name MEJIA GOMEZ, JOAQUIN
Relator term tr.
700 1# - ADDED ENTRY--PERSONAL NAME
Personal name DAVIS, KEITH
Relator term coaut.
Existencias
Withdrawn status Lost status Source of classification or shelving scheme Damaged status Not for loan Home library Current library Shelving location Date acquired Source of acquisition Total Checkouts Full call number Barcode Price effective from Koha item type Collection code Inventory number Date last seen
  No inventariado Dewey Decimal Classification     Biblioteca Karol Wojtyla Biblioteca Karol Wojtyla   03/12/2013 Compra   658.3 WER 69685 03/12/2013 Libro      
    Dewey Decimal Classification     Biblioteca Karol Wojtyla Biblioteca Karol Wojtyla Sala general 03/12/2013 Compra   658.3 WER 42575 03/12/2013 Libro General 151000000000000000021491 05/01/2026
    Dewey Decimal Classification     Biblioteca Karol Wojtyla Biblioteca Karol Wojtyla Sala general 03/12/2013 Compra   658.3 WER 31560 03/12/2013 Libro General 151000000000000000021490 05/01/2026